000 00574nam a2200217Ia 4500
003 OSt
005 20220928144909.0
006 a|||||r|||| 00| 0
007 ta
008 220927b |||||||| |||| 00| 0 eng d
024 _a76745
037 _cTextual
040 _aSDCL
_cSDCL
_beng
041 _2eng
_aeng
082 _aV41'K4, L5
100 _aChang Chun-Shu Ed.
_9510212
245 0 _aMaking of China
_b Main themes in premodern Chinese history.
260 _c1975
942 _hV41'K4, L5
_cTEXL
_2CC
999 _c830263
_d830263